000 01479cab a2200241 4500
001 ABS58608
008 090401t1998 xxu||||| |||| 00| 0 eng d
035 _a(Sirsi) u85728
041 _aeng
245 _aCurtis v London Rent Assessment Committee and others
260 _c1998
350 _a0
490 _aEstates Gazette
_v[1998] 15 EG 120-132(13)
520 _aCA 9 October 1997. Appellant landlord (C) owned two flats subject to regulated unfurnished tenancies. C referred fair rent assessments of these flats to the rent assessment committee. C relied on, as comparables, seven assured shorthold tenancies of flats in the same block; he also put forward evidence from two estate agents that there was no local scarcity. The committee had the rent officer`s evidence of registered rents in the locality and rejected three of C`s comparables and concluded that there was scarcity. They upheld the rents registered by the rent officer. C appealed. Appeal allowed. The decision of the committee was quashed and the reference remitted to another committee. C appealed whether rent assessment committees should give reasons and mathematical workings. Appeal allowed.
650 _aCURTIS AND OTHERS V LONDON RENT ASSESSMENT COMMITTEE AND OTHERS
650 _aFAIR RENTS
650 _aRENT ACT 1977
650 _aRENT COMPARABLES
650 _aSCARCITY
690 _aLANDLORD AND TENANT-CASE LAW-RESIDENTIAL TENANCIES
942 _n0
948 _c22/04/1998
999 _c53931
_d53931